Regions of Ancient Italy - Statistics

General Stats
  • This quiz has been taken 325 times
  • The average score is 5 of 12
Answers on the Map
Answers color-coded by a green-red scale on the quiz's map according to % correct below.
 
Answer Stats
Answer % Correct
Calabria
69%
Campania
65%
Latium
65%
Apulia
56%
Etruria
52%
Umbria
52%
Lucania
26%
Samnium
25%
Bruttium
22%
Picenum
14%
Sabina
10%
Aequium
1%
No matching quizzes found
Score Distribution
Percent of People with Each Score
Percentile by Number Answered
Your Score History
You have not taken this quiz